| 000 | 00332nam a22001217a 4500 | ||
|---|---|---|---|
| 008 | 230626b |||||||| |||| 00| 0 eng d | ||
| 040 |
_aNational Science Library _cNational Science Library |
||
| 080 |
_a211 _bN3 |
||
| 245 | _aUrantia book | ||
| 260 |
_aChicago: _bUrantia Foundation, _c1955 |
||
| 300 | _a2097p. | ||
| 942 |
_2udc _cREF |
||
| 999 |
_c47334 _d47334 |
||